First year English

Đã lưu trong:
书目详细资料
格式: 图书
出版: 1961
标签: 添加标签
没有标签, 成为第一个标记此记录!
Thư viện lưu trữ: Mạng thư viện Đại học Đà Nẵng
LEADER 00424nam a22001811a 4500
001 000037761
003 14056
005 20160412021139.0
008 160412s1961 000
082 |a 4A(07)1161 
245 |a First year English  |c E.L. Black 
260 |c 1961 
OWN |a LNN 
999 |a From the UDN01 
TYP |a Monograph 
980 |a Mạng thư viện Đại học Đà Nẵng